000 00294nam a22001337a 4500
008 180316b xxu||||| |||| 00| 0 eng d
020 _a9780669167122
041 _aeng
080 _22nd
_a54
100 _a12
101 _aKIM
245 _aExperimental chemistry
_cHall,J.F
942 _2udc
_cBK
999 _c45255
_d45255